000 01135cam a2200301 a 4500
999 _c529437
_d529437
001 1373062
003 NUST
005 20190926105734.0
008 821101s1981 dcua 000 0 eng
010 _a 81085774
020 _a0309033039 (pbk.) :
_c$6.40
038 _aMSOHAIL
040 _aDLC
_cDLC
_dDLC
050 0 0 _aTJ163.5.T7
_bH338 1981
082 0 0 _a333.79
_219
100 1 _aHalstead, Woodrow J.
_921490
245 1 0 _aEnergy involved in construction materials and procedures /
_cWoodrow J. Halstead.
260 _aWashington, D.C. :
_bNational Research Council, Transportation Research Board,
_c[1981]
300 _a34 p. :
_bill. ;
_c28 cm.
440 0 _aSynthesis of highway practice,
_x0547-5570 ;
_v85
_921491
500 _a"December 1981."
650 0 _aRoads
_xDesign and construction
_xEnergy conservation.
_921492
650 0 _aRoads
_xMaintenance and repair
_xEnergy conservation.
_921493
650 0 _aRoads
_xDesign and construction
_xEnergy consumption.
_921494
650 0 _aRoads
_xMaintenance and repair
_xEnergy consumption.
_921495
906 _a7
_bcbc
_corignew
_d2
_eopcn
_f19
_gy-gencatlg
942 _2ddc
_cBK